Vplyv pripravovaných emisných limitov EU na technologické zariadenie veľkých spaľovacích centrál

Salvato in:
Dettagli Bibliografici
Autore principale: Pajdučáková, Monika, 1987- (Autore)
Altri autori: Kučák, Ľubor, 1945- (Relatore della tesi)
Natura: Manoscritto Libro
Lingua:slovacco
Pubblicazione: Bratislava : STU v Bratislave SjF, 2012
Soggetti:
Accesso online:VAIS
Tags: Aggiungi Tag
Nessun Tag, puoi essere il primo ad aggiungerne!!

MARC

LEADER 00000ntm a22000003a 4500
001 stu263691
005 20150617230223.3
008 130312s2012----xo------------------slo-d
040 |a STU  |b slo 
041 0 |a slo 
044 |a xo 
100 1 |a Pajdučáková, Monika,  |d 1987-  |4 aut  |u J  |T SjF Strojnícka fakulta  |X 51438  |U J  |Y 20  |7 A000051438 
242 0 0 |a The impact of upcoming EU emission limits for large combustion plants on technology equipment  |y eng 
245 1 |a Vplyv pripravovaných emisných limitov EU na technologické zariadenie veľkých spaľovacích centrál 
260 |a Bratislava :  |b STU v Bratislave SjF,  |c 2012 
650 7 |a tepelné energetické stroje a zariadenia  |2 stusub 
650 7 |a Thermal Power Engineering  |2 estusub 
650 7 |a pollutants  |2 estusub 
650 7 |a emission limits  |2 estusub 
650 7 |a odsírenie  |2 stusub 
650 7 |a emisné limity  |2 stusub 
700 1 |a Kučák, Ľubor,  |d 1945-  |4 ths  |u J0060  |U SjF Strojnícka fakulta  |T SjF Ústav tepelnej energetiky  |X 2419  |U J0060  |Y 805  |7 A000002419 
856 4 |a info a plný text  |u http://is.stuba.sk/zp/portal_zp.pl?podrobnosti=85170  |3 VAIS 
996 |b 284J043140  |c J*1626/DP  |l JJSK  |s A  |a 24  |w stu263691_0001